[Event "ch-SCO"]
[Site "Stirling SCO"]
[Date "2002.07.14"]
[Round "9"]
[White "Stevenson,J"]
[Black "Kafka,G"]
[Result "0-1"]
[WhiteElo "2130"]
[BlackElo "2098"]

1.c4 e5 2.g3 Nc6 3.Bg2 f5 4.Nc3 Nf6 5.e3 g6 6.Nge2 Bg7 7.Rb1 e4 8.d4 Ne7
9.b3 d5 10.a4 c6 11.Ba3 O-O 12.Nf4 g5 13.Nh5 Be6 14.Nxf6+ Rxf6 15.cxd5 Nxd5
16.Nxd5 Bxd5 17.Qc2 Qe8 18.h4 h6 19.hxg5 hxg5 20.Bf1 f4 21.gxf4 gxf4 22.Be2 Qg6
23.Kd2 Qg2 24.Rbf1 fxe3+ 25.fxe3 Rxf1 26.Rxf1 Bh6 27.Qd1 Qg3 28.Kc2 Qxe3
29.Bc4 Bxc4 30.bxc4 Qxa3 31.Qg4+ Kh8 32.Rh1 Qa2+ 33.Kc3 Qd2+ 34.Kb3 Qe3+
35.Kb2 Rg8 36.Qd1 Rg2+ 37.Kb1 Kg7 38.d5 Qc3  0-1

[Event "TCh-POL Jun"]
[Site "Laczna POL"]
[Date "2002.07.18"]
[Round "5"]
[White "Pokojska,D"]
[Black "Hermanowicz,D"]
[Result "1-0"]
[WhiteElo "2051"]
[BlackElo "2104"]

1.c4 e5 2.g3 d6 3.Bg2 f5 4.Nc3 Nf6 5.d3 g6 6.e4 Nc6 7.Nge2 Bg7 8.h3 O-O 9.Be3 Be6
10.exf5 Bxf5 11.O-O Qd7 12.Kh2 Rae8 13.Ne4 Kh8 14.Rb1 Be6 15.N2c3 Nxe4 16.Nxe4 a5
17.a3 Ne7 18.b4 axb4 19.axb4 Nf5 20.b5 Nxe3 21.fxe3 Rxf1 22.Qxf1 Rf8 23.Qe2 c6
24.bxc6 bxc6 25.Rb6 Bh6 26.c5 d5 27.Nd6 Bg5 28.Qb2 Qg7 29.Rb7 Qf6 30.e4 d4
31.Rb8 Be3 32.Qb7 Qf2 33.Rxf8+ Qxf8 34.Qxc6 Qf2 35.Qa8+ Kg7 36.Qb7+ Kg8 37.Qb1 h5
38.Qf1 Qxf1 39.Bxf1 Bd2 40.c6 Ba5 41.h4 Kf8 42.Bh3 Ke7 43.Bxe6 Kxd6 44.Bf7 Kxc6
45.Bxg6 Kd6 46.Bxh5  1-0

[Event "XVIII Open"]
[Site "Ferrol ESP"]
[Date "2002.07.20"]
[Round "4"]
[White "Sande Edreira,J"]
[Black "Strikovic,A"]
[Result "0-1"]
[WhiteElo "2216"]
[BlackElo "2448"]

1.c4 e5 2.g3 Nc6 3.Bg2 Nf6 4.Nc3 Bb4 5.Nd5 Bc5 6.e3 Nxd5 7.cxd5 Ne7 8.Nf3 d6
9.d4 exd4 10.Nxd4 O-O 11.O-O Bd7 12.a3 a5 13.b3 c6 14.dxc6 Nxc6 15.Nxc6 bxc6
16.Bb2 Qb6 17.Qh5 h6 18.Rab1 Rfe8 19.Rfd1 Rab8 20.Bd4 Bxd4 21.Rxd4 c5 22.Rf4 Be6
23.Bd5 Qc7 24.Rd1 Rb6 25.h4 Bxd5 26.Qxd5 Re5 27.Qc4 Qb7 28.Rd3 Re7 29.e4 Qa6
30.Qc3 f6 31.Rg4 Kf7 32.Rf3 Re5 33.Rgf4 a4 34.Qc2 axb3 35.Rxb3 Rxb3 36.Qxb3+ c4
37.Qb4 Qc6 38.a4 c3 39.Qb3+ Ke7 40.Qg8 c2 41.Qxg7+ Kd8 42.Qxf6+ Re7 43.Qh8+ Kd7  0-1

[Event "XVIII Open"]
[Site "Ferrol ESP"]
[Date "2002.07.22"]
[Round "6"]
[White "Sande Edreira,J"]
[Black "Janev,E"]
[Result "0-1"]
[WhiteElo "2216"]
[BlackElo "2511"]

1.c4 e5 2.g3 Nc6 3.Bg2 Nf6 4.Nc3 Bc5 5.a3 a5 6.e3 O-O 7.Nge2 d6 8.O-O Re8
9.d3 Bd7 10.h3 Qc8 11.Kh2 h6 12.e4 Nd4 13.f4 c6 14.Nxd4 Bxd4 15.f5 b5 16.g4 bxc4
17.dxc4 Rb8 18.h4 h5 19.gxh5 d5 20.h6 Qd8 21.Bh3 dxe4 22.Nxe4 Nxe4 23.Qg4 Qf6
24.Qxe4 gxh6 25.Rb1 Rb3 26.Bd2 Reb8 27.Bc3 Kh7 28.Rbd1 Rxb2+ 29.Bxb2 Rxb2+
30.Bg2 c5 31.Rg1 Bxf5 32.Rxd4 Bxe4 33.Rxe4 Qf3  0-1

[Event "Macedonian Open"]
[Site "Struga MKD"]
[Date "2002.07.22"]
[Round "3"]
[White "Sarlamanov,P"]
[Black "Kacakovski,D"]
[Result "0-1"]
[WhiteElo "2259"]
[BlackElo "2199"]

1.c4 e5 2.g3 Nc6 3.Bg2 Nf6 4.Nc3 g6 5.e3 Bg7 6.Nge2 O-O 7.O-O d6 8.Rb1 a5
9.a3 Be6 10.Nd5 Rb8 11.b4 axb4 12.axb4 Ne7 13.Nec3 c6 14.Nxf6+ Bxf6 15.d3 d5
16.c5 e4 17.d4 Qd7 18.b5 Bh3 19.Bd2 h5 20.f3 Bxg2 21.Kxg2 exf3+ 22.Qxf3 Nf5
23.Rb2 Bg5 24.Ne2 Rbe8 25.Nf4 Bxf4 26.Qxf4 Re4 27.bxc6 bxc6 28.Qf3 Rfe8 29.Re1 Nxd4
30.exd4 Rxe1 31.Bxe1 Rxe1 32.Re2 Rxe2+ 33.Qxe2 Qe6 34.Qf2 Qe4+ 35.Kg1 Kg7
36.h4 f6 37.Qb2 Kh6 38.Kh2 g5 39.hxg5+ Kxg5 40.Qb7 Qe2+ 41.Kh3 Qf1+ 42.Kh2 Qf2+
43.Kh3 Qf5+ 44.Kh2 Kg4 45.Qb2 Qf3 46.Qd2 Qxg3+ 47.Kh1 Qf3+ 48.Kh2  0-1

[Event "III Open"]
[Site "Villa de Albox ESP"]
[Date "2002.07.23"]
[Round "2"]
[White "Komljenovic,D"]
[Black "Amate Tortosa,B"]
[Result "0-1"]
[WhiteElo "2459"]
[BlackElo "2246"]

1.c4 e5 2.g3 Nc6 3.Bg2 g6 4.Nc3 Bg7 5.Nf3 d6 6.O-O f5 7.d3 Nf6 8.Rb1 a5 9.a3 O-O
10.b4 axb4 11.axb4 h6 12.b5 Ne7 13.Bd2 g5 14.Ra1 Rb8 15.Ra7 b6 16.Ne1 f4
17.Nc2 Be6 18.Nb4 Qd7 19.Qc2 Bh3 20.Rxc7 Qxc7 21.Bxh3 g4 22.Bg2 Rbc8 23.gxf4 Nh5
24.fxe5 Bxe5 25.Ncd5 Nxd5 26.Bxd5+ Kh8 27.Nc6 Qg7 28.d4 Bxh2+ 29.Kxh2 g3+
30.Kh3 Rxf2 31.Bg2 Rxf1 32.Qe4 Rg8 33.Ne7 Nf4+  0-1

[Event "6th Open"]
[Site "Korinthos GRE"]
[Date "2002.07.26"]
[Round "4"]
[White "Petropoulos,K"]
[Black "Kakadelis,S"]
[Result "0-1"]
[WhiteElo "2084"]
[BlackElo "2237"]

1.c4 e5 2.g3 Nc6 3.Bg2 Nf6 4.a3 d5 5.cxd5 Nxd5 6.e3 Be6 7.Ne2 Qd7 8.Nbc3 Be7
9.b4 Rd8 10.Qc2 a6 11.O-O h5 12.h4 Nf6 13.Na4 Bh3 14.Nc5 Bxc5 15.Qxc5 Bxg2
16.Kxg2 Qd5+ 17.Qxd5 Rxd5 18.Rd1 Ke7 19.Bb2 Rhd8 20.d4 e4 21.Nf4 Rf5 22.Rac1 Nd5
23.Nxd5+ Rfxd5 24.Rf1 R8d6 25.f3 exf3+ 26.Rxf3 f5 27.Rcf1 Rf6 28.Rc1 Kd6
29.Rf2 Ne7 30.Rfc2 c6 31.a4 Re6 32.Kf3 Ng8 33.Ba3 Kd7 34.Rc5 Nf6 35.R5c2 Ne4
36.Rg1 Rg6 37.Rgg2 a5 38.Rg1 Re6 39.Rb1 Rg6 40.Rg1 axb4 41.Bxb4 b6 42.Rgg2 c5
43.dxc5 bxc5 44.Be1 Rd1 45.Bc3 Kd6 46.a5 Kd5 47.a6 Rxa6 48.Bxg7 Rg6 49.Bb2 c4
50.Bd4 Rf1+ 51.Ke2 Rh1 52.Kf3 Rh3 53.Kf4 Nxg3 54.Ra2 Rg4+  0-1

[Event "Open"]
[Site "Bergen NOR"]
[Date "2002.07.28"]
[Round "9"]
[White "Saevareid,O"]
[Black "Myhrvold,R"]
[Result "1/2-1/2"]
[WhiteElo "2139"]
[BlackElo "2193"]

1.c4 e5 2.g3 c6 3.d4 exd4 4.Qxd4 d5 5.cxd5 cxd5 6.Bg2 Nf6 7.Nf3 Nc6 8.Qa4 Bc5
9.O-O Be6 10.Ne5 Rc8 11.Nc3 O-O 12.Nd3 Bd4 13.Bd2 Qd7 14.Nf4 Bb6 15.e3 Rfd8
16.Rfd1 Bg4 17.Re1 d4 18.Ncd5 Nxd5 19.Nxd5 Bh3 20.Bh1 d3 21.Bc3 Be6 22.Nxb6 axb6
23.Red1 Bg4 24.Rd2 Be2 25.Qf4 Na5 26.Bf3 Nc4 27.Bxe2 Nxd2 28.Bg4 Qc6 29.Bxd2 Ra8
30.Bf3 Qc2 31.Bc3 d2 32.Qg4 Qc1+ 33.Kg2 g6 34.Qf4 Kf8 35.Qf6 Qxa1  1/2-1/2

[Event "Macedonian Open"]
[Site "Struga MKD"]
[Date "2002.07.28"]
[Round "9"]
[White "Peckov,K"]
[Black "Organdziev,O"]
[Result "1/2-1/2"]
[WhiteElo "2242"]
[BlackElo "2330"]

1.c4 e5 2.g3 Nc6 3.Bg2 f5 4.d3 Nf6 5.Nc3 Bb4 6.Bd2 O-O 7.e3 d6 8.Nge2 Be6
9.Nd5 Bxd2+ 10.Qxd2 Bf7 11.Nec3 Nxd5 12.Nxd5 Rb8 13.O-O Ne7 14.Nxe7+ Qxe7
15.Rfc1 c5 16.b4 b6 17.a4 Kh8 18.a5 Be6 19.axb6 axb6 20.b5 g5 21.f4  1/2-1/2

[Event "6th Open"]
[Site "Korinthos GRE"]
[Date "2002.07.30"]
[Round "8"]
[White "Mastrovasilis,A"]
[Black "Nikolaidis,I"]
[Result "1-0"]
[WhiteElo "2461"]
[BlackElo "2502"]

1.c4 e5 2.g3 d6 3.Bg2 g6 4.Nc3 Bg7 5.d3 f5 6.e4 Nc6 7.Nge2 Nf6 8.O-O O-O
9.Nd5 fxe4 10.dxe4 Nxd5 11.cxd5 Nd4 12.Be3 Bg4 13.Bxd4 exd4 14.Qd3 Kh8 15.f3 Bd7
16.Nxd4 c5 17.dxc6 bxc6 18.Kh1 Rb8 19.Nb3 d5 20.Rad1 Bxb2 21.f4 Bg7 22.exd5 cxd5
23.Qxd5 Bg4 24.Bf3 Bh3 25.Bg2 Bg4 26.Bf3 Bh3 27.Qxd8 Rg8 28.Qxb8 Rxb8 29.Rd8+ Rxd8
30.Bg2 Be6 31.Bf3 Bf6 32.Kg2 Rc8 33.Rf2 Rc3 34.Re2 Bf7 35.g4 h6 36.Rd2 Bxb3
37.axb3 Rxb3 38.Rd7 Re3 39.Rxa7 Re7 40.Ra8+ Kg7 41.Bd5 Rd7 42.Ra5 Rc7 43.Be4 Re7
44.Kf3 Rf7 45.Ra6 g5 46.f5 Rd7 47.Ra5 Re7 48.Bd5 Re5 49.Ra7+ Re7 50.Ra8 Rd7
51.Ke4 Kh7 52.h3 Kg7 53.Be6 Rd4+ 54.Ke3 Rd6 55.Ra7+ Kh8 56.Rf7 Bg7 57.Bc4 Bf6
58.Bb3 Bg7 59.Rb7 Bf6 60.Bf7 Bc3 61.Bg6 Kg8 62.Bf7+ Kh8 63.Be6 Bf6 64.Rb5 Kg7
65.Bd5 Rd7 66.Ke4 Kh8 67.Rc5 Kg7 68.Kd3 Be7 69.Ra5 Bd8 70.Rb5 Bf6 71.Kc4 Rc7+
72.Kb4 Be7+ 73.Kb3 Bf6 74.Bc4 Kh7 75.Rb6 Kg7 76.Rb8 Kh7 77.Bg8+ Kg7 78.Be6 Kh7
79.Kb4 Bd4 80.Rd8 Bf6 81.Re8 Bd4 82.Rg8 Rg7 83.Rc8 Be5 84.Kb5 Rc7 85.Rf8 Bd4
86.f6 Rc5+ 87.Kb4 Kg6 88.Bf5+ Rxf5 89.gxf5+ Kxf5 90.f7 Ke6 91.Rd8 Kxf7 92.Rxd4 Ke6
93.Kc4 h5 94.Kd3 g4 95.Ke3 Kf5 96.hxg4+ hxg4 97.Rd5+ Ke6 98.Ke4 Kf6 99.Rd6+ Kg5
100.Rd1 Kh5 101.Kf4 Kg6 102.Kxg4 Kf6 103.Re1  1-0

[Event "Proclient Cup"]
[Site "Olomouc CZE"]
[Date "2002.07.31"]
[Round "10"]
[White "Ptacnikova,L"]
[Black "Phanikanth,J"]
[Result "1-0"]
[WhiteElo "2203"]
[BlackElo "2161"]

1.c4 e5 2.g3 Nf6 3.Bg2 d5 4.cxd5 Nxd5 5.Nf3 Nc6 6.O-O Be7 7.d4 exd4 8.Nxd4 Nxd4
9.Qxd4 Nf6 10.Qxd8+ Bxd8 11.Nc3 c6 12.Bf4 O-O 13.Rad1 Be6 14.Bd6 Re8 15.e4 Be7
16.Bxe7 Rxe7 17.f4 Rd7 18.Rxd7 Nxd7 19.Rd1 Nb6 20.f5 Bc4 21.b3 Ba6 22.e5 Re8
23.Bh3 Kf8 24.e6 Ke7 25.Ne4 fxe6 26.Re1 e5 27.Ng5 h6 28.Rxe5+ Kd7 29.f6+ Kd8
30.Nf7+  1-0

[Event "Inline Czechia Cup"]
[Site "Olomouc CZE"]
[Date "2002.08.01"]
[Round "2"]
[White "Jurek,J"]
[Black "Dresen,U"]
[Result "1-0"]
[WhiteElo "2357"]
[BlackElo "2259"]

1.c4 e5 2.g3 d6 3.Bg2 f5 4.d4 Be7 5.Nc3 Nf6 6.e4 exd4 7.Qxd4 Nc6 8.Qd2 O-O
9.Nge2 Ne5 10.b3 fxe4 11.Nxe4 Nxe4 12.Bxe4 c6 13.f4 Bf5 14.Qc2 Nf3+ 15.Kf2 Bxe4
16.Qxe4 Ng5 17.Qd3 Qe8 18.Ba3 d5 19.Bxe7 Qxe7 20.Kg2 Rae8 21.Rhe1 dxc4 22.Qxc4+ Nf7
23.Nd4 Qxe1 24.Rxe1 Rxe1 25.Nf5 g6 26.Nh6+  1-0

[Event "ch-IRI"]
[Site "Tehran IRI"]
[Date "2002.08.02"]
[Round "8"]
[White "Ghaem Maghami,E"]
[Black "Ardeshi,M"]
[Result "1-0"]
[WhiteElo "2517"]
[BlackElo "2290"]

1.c4 e5 2.g3 Nf6 3.Bg2 d5 4.cxd5 Nxd5 5.Nc3 Nb6 6.Nf3 Nc6 7.O-O Be7 8.Rb1 O-O
9.a3 Re8 10.b4 Bf8 11.d3 Bg4 12.h3 Bh5 13.Nd2 Rb8 14.g4 Bg6 15.Nde4 Nd4 16.a4 c6
17.a5 Nd5 18.Nxd5 cxd5 19.Nc3 e4 20.dxe4 dxe4 21.Be3 Nc6 22.Qa4 a6 23.b5 axb5
24.Rxb5 Ra8 25.Rd1 Qb8 26.Nxe4 Bxe4 27.Bxe4 Rxa5 28.Rxa5 Nxa5 29.Qxa5 Rxe4
30.Rd8 b6 31.Rxb8  1-0

[Event "FSIMB August"]
[Site "Budapest HUN"]
[Date "2002.08.03"]
[Round "1"]
[White "Czebe,A"]
[Black "Ngo,N"]
[Result "0-1"]
[WhiteElo "2480"]
[BlackElo "2172"]

1.c4 e5 2.g3 Nf6 3.Bg2 g6 4.Nc3 Bg7 5.e3 d6 6.Nge2 O-O 7.O-O Nc6 8.Rb1 Bf5
9.d3 Qd7 10.b4 Bh3 11.b5 Ne7 12.Bxb7 Bxf1 13.Qxf1 Rab8 14.Qg2 Qf5 15.e4 Qd7
16.Ba6 Nh5 17.Nd5 Nxd5 18.cxd5 f5 19.f3 fxe4 20.dxe4 Qf7 21.Rb3 Nf6 22.Be3 Nd7
23.Bxa7 Ra8 24.Qf2 Bh6 25.Rc3 Rxa7 26.Qxa7 Nc5 27.f4 exf4 28.Rf3 Qe7 29.gxf4 Qxe4
30.Rf2 Bg7 31.Qxc7 Bd4 32.Nxd4 Qxd4 33.Bc8 Nd3 34.Be6+ Kh8 35.Qc2 Rxf4  0-1

[Event "FSIMB August"]
[Site "Budapest HUN"]
[Date "2002.08.04"]
[Round "2"]
[White "Bors,T"]
[Black "Nazarenus,O"]
[Result "1-0"]
[WhiteElo "2303"]
[BlackElo "2102"]

1.c4 e5 2.g3 c6 3.Bg2 f5 4.d4 e4 5.Nc3 Nf6 6.Nh3 Bb4 7.Qb3 Bxc3+ 8.bxc3 O-O
9.c5+ Kh8 10.Bf4 Ne8 11.O-O Qe7 12.f3 exf3 13.exf3 Qe6 14.c4 Na6 15.Rfe1 Qf7
16.Ng5 Qf6 17.Qe3 Nac7 18.Be5 Qg6 19.f4 h6 20.Nf3 d6 21.Nh4 Qf7 22.cxd6 Na6
23.Rab1 Kh7 24.d5 c5 25.Qc3 g6 26.Re2 Qd7 27.Rbe1 Rf7 28.g4 Qd8 29.g5 hxg5
30.Nf3 gxf4 31.Bxf4 Nxd6 32.Ng5+ Kg8 33.Bxd6 Qxd6 34.Re8+ Rf8 35.Qh3  1-0

[Event "FSIMB August"]
[Site "Budapest HUN"]
[Date "2002.08.07"]
[Round "5"]
[White "Bors,T"]
[Black "Ngo,N"]
[Result "1/2-1/2"]
[WhiteElo "2303"]
[BlackElo "2172"]

1.c4 e5 2.g3 Nc6 3.Bg2 g6 4.Nc3 Bg7 5.e4 d6 6.Nge2 Be6 7.d3 Qd7 8.Nd5 f5
9.exf5 Bxf5 10.h3 Nf6 11.Bg5 Nxd5 12.cxd5 Nb4 13.O-O Bxd3 14.a3 Bxe2 15.Qxe2 Na6
16.b4 O-O 17.h4 Rae8 18.Be4 Bf6 19.Bh6 Rf7 20.Kg2 Nb8 21.b5 Qd8 22.Be3 Nd7
23.h5 Nf8 24.hxg6 hxg6 25.Rh1 Bg5 26.Rh3 Qf6 27.Rah1 Bxe3 28.Rh8+ Qxh8 29.Rxh8+ Kxh8
30.Qxe3 Kg7 31.Qg5 Rf6 32.Qc1 Re7 33.f3 Ref7 34.g4 Rf4 35.Qc2 Kf6 36.a4 b6
37.a5 bxa5 38.Kg3 Rg7 39.Qc6 Nh7 40.Qe8 Ng5 41.Qd8+ Re7 42.Qf8+  1/2-1/2

[Event "II UPI"]
[Site "Mancha Real ESP"]
[Date "2002.08.07"]
[Round "6"]
[White "Gonzalez Rodriguez,JA"]
[Black "Gutierrez Castillo,O"]
[Result "1-0"]
[WhiteElo "2391"]
[BlackElo "2196"]

1.c4 e5 2.g3 d6 3.Nc3 f5 4.Bg2 Nf6 5.d3 Be7 6.b4 O-O 7.Nf3 Nbd7 8.O-O a5
9.b5 Rb8 10.Ba3 b6 11.e3 Bb7 12.Ng5 Bxg2 13.Kxg2 Qc8 14.Ne6 Qb7+ 15.e4 fxe4
16.Nxf8 Rxf8 17.dxe4 Nxe4 18.Qd5+ Qxd5 19.Nxd5 Bd8 20.Rad1 Ndf6 21.Ne3 Nc3
22.Rd2 Nfe4 23.Rc2 Bg5 24.Nd5 Nxd5 25.cxd5 Bd8 26.f3 Nf6 27.Rd1 g5 28.Rc4 Re8
29.h4 e4 30.hxg5 exf3+ 31.Kxf3 Nd7 32.Bb2 Nc5 33.Bc1 Kg7 34.Rh4 Rf8+ 35.Kg2 Rf5
36.Bb2+ Kg8 37.Rdh1 Rxd5 38.Rxh7 Rd2+ 39.Kf3 Rxb2 40.Rh8+ Kg7 41.Rxd8 Rxb5
42.Re1 Kf7 43.Kg4 Ne6 44.g6+ Ke7 45.Rxe6+  1-0

[Event "GPA Open"]
[Site "Ontario CAN"]
[Date "2002.08.07"]
[Round "1"]
[White "Cummings,D"]
[Black "Schmidt,Tom CAN"]
[Result "1-0"]
[WhiteElo "2371"]
[BlackElo "2091"]

1.c4 e5 2.g3 Nc6 3.Bg2 g6 4.Nc3 Bg7 5.e3 d6 6.Nge2 Nge7 7.d3 O-O 8.O-O Be6
9.Nd5 Qd7 10.Rb1 f5 11.f4 Rae8 12.b4 Nc8 13.b5 Nd8 14.Qc2 c6 15.bxc6 bxc6
16.Ndc3 e4 17.dxe4 Bxc4 18.Rd1 fxe4 19.Nxe4 Bxe2 20.Qxe2 Qf5 21.Rb8 Nf7 22.g4 Qa5
23.Bb2 Qxa2 24.Ra1 Qxa1+ 25.Bxa1 Bxa1 26.Qa6 Bg7 27.Qxc6 Rd8 28.Rb7 Rfe8
29.Ng5 Ne7 30.Rxe7 Rxe7 31.Bd5 Bf6 32.Nxf7 Rxf7 33.Qc7 Rf8 34.g5 Bh8 35.Qxa7 Bg7
36.Qd7 Ba1 37.Qxd6 Kg7 38.Bxf7 Rxf7 39.Qa3  1-0

[Event "9th Open"]
[Site "Nice FRA"]
[Date "2002.08.08"]
[Round "4"]
[White "Komljenovic,D"]
[Black "Steimer,M"]
[Result "1-0"]
[WhiteElo "2459"]
[BlackElo "2110"]

1.c4 e5 2.g3 c6 3.d4 exd4 4.Qxd4 d5 5.cxd5 cxd5 6.Nc3 Nf6 7.Bg5 Be7 8.Nf3 Nc6
9.Qa4 O-O 10.Rd1 Be6 11.Bg2 a6 12.O-O b5 13.Qf4 b4 14.Bxf6 Bxf6 15.Nxd5 Bxd5
16.e4 Bxb2 17.exd5 Ne7 18.d6 Nc6 19.Qe4  1-0

[Event "Stork Young Masters"]
[Site "Hengelo NED"]
[Date "2002.08.09"]
[Round "8"]
[White "Nyback,T"]
[Black "Asauskas,H"]
[Result "0-1"]
[WhiteElo "2459"]
[BlackElo "2384"]

1.c4 e5 2.g3 c6 3.Bg2 d5 4.cxd5 cxd5 5.Qb3 Nf6 6.Nc3 Nc6 7.Nxd5 Nd4 8.Nxf6+ Qxf6
9.Qd1 Bf5 10.d3 Rc8 11.Rb1 Bb4+ 12.Kf1 O-O 13.Nf3 Nxe2 14.Kxe2 e4 15.Nh4 Bg4+
16.f3 Rfe8 17.Kf2 Bc5+ 18.Kf1 Qd4 19.Qd2 exd3 20.b4 Re2  0-1

[Event "TUR-GEO Chess Summit"]
[Site "Ankara TUR"]
[Date "2002.08.11"]
[Round "8"]
[White "Janjgava,N"]
[Black "Olcayoz,A"]
[Result "1/2-1/2"]
[WhiteElo "2248"]
[BlackElo "2312"]

1.c4 e5 2.g3 Nc6 3.Bg2 d6 4.Nc3 g6 5.Rb1 a5 6.d3 Bg7 7.e3 f5 8.Nge2 Nf6 9.b3 O-O
10.Bb2 Ne7 11.Qd2 c6 12.f4 Rb8 13.Nd1 Ng4 14.h3 Nh6 15.Bxc6 bxc6 16.Nf2 Rxb3
17.axb3 exf4 18.gxf4 Nf7 19.O-O g5 20.e4 Ng6 21.exf5 Bxf5 22.Ng3 Nge5 23.Nge4 Bg6  1/2-1/2

[Event "FSIMB August"]
[Site "Budapest HUN"]
[Date "2002.08.11"]
[Round "9"]
[White "Bors,T"]
[Black "Kende,G"]
[Result "1/2-1/2"]
[WhiteElo "2303"]
[BlackElo "2213"]

1.c4 e5 2.g3 Nf6 3.Bg2 Bc5 4.Nc3 O-O 5.e3 Re8 6.a3 a5 7.Nge2 e4 8.Qc2 Qe7
9.Nd5 Nxd5 10.cxd5 d6 11.d3 exd3 12.Qxd3 Nd7 13.h3 Ne5 14.Qd1 Bf5 15.O-O Nd3
16.Nc3 Qd7 17.Kh2 Bg6 18.b3 b5 19.a4 b4 20.Nb5 h5 21.h4 Re7 22.Ra2 Nxc1 23.Qxc1 Bd3
24.Re1 Bxb5 25.Bh3 Qe8 26.axb5 Qxb5 27.Qc2 Re5 28.Bg2 Rae8 29.e4 Bb6 30.f4 R5e7
31.f5 Re5 32.Raa1  1/2-1/2

[Event "ch-AUT"]
[Site "Oberpullendorf AUT"]
[Date "2002.08.14"]
[Round "5"]
[White "Stanec,N"]
[Black "Wittmann,W"]
[Result "1-0"]
[WhiteElo "2523"]
[BlackElo "2332"]

1.c4 e5 2.g3 d6 3.Bg2 g6 4.Nc3 Bg7 5.d3 f5 6.Nf3 Nf6 7.O-O O-O 8.Rb1 a5 9.a3 Kh8
10.b4 axb4 11.axb4 Nc6 12.b5 Nd4 13.Nd2 f4 14.Bb2 Rb8 15.Nce4 Nxe4 16.Nxe4 Bg4
17.Bxd4 exd4 18.Ra1 Qd7 19.Ra7 Bh3 20.Qa4 Bxg2 21.Kxg2 b6 22.Ra1 Be5 23.Qa6 d5
24.cxd5 Qxd5 25.Qa4 g5 26.f3 g4 27.Rf1 Rg8 28.Qc4 Qd7 29.Qc6 Qg7 30.fxg4 Qxg4
31.Rf3 fxg3 32.hxg3 Rbf8 33.Qd5 Qg7 34.Rxf8 Rxf8 35.Ra8 Rxa8 36.Qxa8+ Qg8
37.Qc6 Qf7 38.Ng5 Qe7 39.Ne6 h6 40.Qa8+  1-0

[Event "ch-AUT"]
[Site "Oberpullendorf AUT"]
[Date "2002.08.14"]
[Round "5"]
[White "Hebesberger,T"]
[Black "Stadler,P"]
[Result "1-0"]
[WhiteElo "2288"]
[BlackElo "2178"]

1.c4 e5 2.g3 Nc6 3.Bg2 g6 4.Nc3 Bg7 5.e4 d6 6.Nge2 Nge7 7.d3 Be6 8.Nd5 O-O
9.O-O Qd7 10.Be3 f5 11.Qd2 Rab8 12.Rac1 Nd8 13.Nxe7+ Qxe7 14.exf5 Bxf5 15.b4 a6
16.h3 Qd7 17.g4 Be6 18.d4 exd4 19.Nxd4 Bf7 20.Rfd1 Ne6 21.Nb3 Qe7 22.Na5 c5
23.Qxd6 Qxd6 24.Rxd6 Nd4 25.Bxd4 Bxd4 26.Nxb7 Bxf2+ 27.Kxf2 Bd5+ 28.Kg3 Bxb7
29.Bxb7 Rxb7 30.bxc5 Rc7 31.Rxa6 Rxc5 32.Ra4 g5 33.Rd1 Re5 34.Ra3 h6 35.Rad3 Re4
36.Rc1 Re2 37.Rf3 Rxa2 38.Rxf8+ Kxf8 39.Kf3 Ke7 40.Rc3 Kd6 41.c5+ Kc6 42.Ke4 Rf2
43.Rf3 Re2+ 44.Kf5 Kxc5 45.Kg6 Re6+ 46.Rf6 Re3 47.Kxh6 Rxh3+ 48.Kxg5 Kd5
49.Kg6  1-0

[Event "ADCF Masters"]
[Site "Abu Dhabi UAE"]
[Date "2002.08.15"]
[Round "5"]
[White "Arkhipov,S"]
[Black "Turov,M"]
[Result "1-0"]
[WhiteElo "2499"]
[BlackElo "2518"]

1.c4 e5 2.g3 Nf6 3.Bg2 c6 4.a3 d5 5.cxd5 cxd5 6.d4 e4 7.Bg5 Be7 8.Nc3 Nc6
9.Nh3 Ng4 10.Bxe7 Nxe7 11.Qd2 O-O 12.O-O Nf6 13.f3 Nf5 14.fxe4 Nxe4 15.Nxe4 dxe4
16.e3 Nd6 17.Nf4 g5 18.Nh5 f6 19.h3 Bf5 20.g4 Bg6 21.Ng3 Qe7 22.Rac1 Rac8
23.Rxc8 Rxc8 24.Rc1 Rc7 25.Rc3 f5 26.gxf5 Bxf5 27.Rc5 Bg6 28.Qa5 Rxc5 29.dxc5 Qe5
30.Ne2 Nc4 31.Qd8+ Kg7 32.Qd7+ Kh6 33.Kf1 Qxc5 34.b4 Qd6  1-0

[Event "WY ol"]
[Site "Kuala Lumpur MAS"]
[Date "2002.08.22"]
[Round "4"]
[White "Grecescu,G"]
[Black "Rohit,G"]
[Result "0-1"]
[WhiteElo "2233"]
[BlackElo "2244"]

1.c4 e5 2.g3 Nf6 3.Bg2 Nc6 4.Nc3 Bb4 5.e4 Bxc3 6.bxc3 d6 7.d3 O-O 8.Ne2 a6
9.a4 Na5 10.O-O c6 11.Rb1 h6 12.Be3 c5 13.h3 Bd7 14.f4 Qe8 15.Ra1 Qc8 16.g4 Nh7
17.Ng3 b5 18.axb5 axb5 19.cxb5 Bxb5 20.c4 Bd7 21.Nf5 Qc7 22.g5 hxg5 23.Ne7+ Kh8
24.fxg5 Bg4 25.Nd5 Bxd1 26.Nxc7 Nxc4 27.Rxa8 Nxe3 28.Rxf8+ Nxf8 29.Rxf7 Kg8
30.Rf2 Ng6 31.Nd5 Nxd5 32.exd5 Nf4 33.Rb2 Be2 34.Rb6 Bxd3 35.Rxd6 c4 36.Rc6 e4
37.g6 Kf8 38.d6 Ke8 39.Rc7 c3 40.Kf2 c2 41.h4 Nd5 42.Rc5 e3+ 43.Ke1 Nf4 44.Bc6+ Kd8
45.Rc3 Bxg6 46.Ba4 Nd3+ 47.Ke2 c1=Q 48.Rxc1 Nxc1+ 49.Kxe3 Nd3 50.Bc2 Ne5
51.Bxg6 Nxg6 52.h5 Nh8 53.Kf4 Kd7 54.Kg5 Kxd6 55.Kf5 Ke7  0-1

[Event "Open"]
[Site "Birstonas LIT"]
[Date "2002.08.23"]
[Round "7"]
[White "Kiik,K"]
[Black "Bucinskas,V"]
[Result "1-0"]
[WhiteElo "2450"]
[BlackElo "2249"]

1.c4 e5 2.g3 Nc6 3.Bg2 g6 4.Nc3 Bg7 5.e3 Nge7 6.Nge2 Nf5 7.Rb1 a5 8.d3 d6
9.a3 Be6 10.b4 axb4 11.axb4 Rb8 12.b5 Nce7 13.O-O O-O 14.Ba3 Re8 15.Qb3 g5
16.Nd5 Ng6 17.b6 c6 18.Nc7 Re7 19.Nc3 Rd7 20.Ne4 h6 21.Bb4 Nfe7 22.Nxe6 fxe6
23.Bh3 Nf8 24.c5 d5 25.Nd6 Nc8 26.Nxc8 Rxc8 27.Ra1 e4 28.Ra7 exd3 29.Qxd3 Qf6
30.e4 Ng6 31.exd5 Ne5 32.Qe2 Rxd5 33.Rxb7 Re8 34.Bg2 g4 35.Rc7 Nf3+ 36.Bxf3 gxf3
37.Qe4 Rf8 38.b7 Rd4 39.Qb1 Rdd8 40.h4 e5 41.Ba5 Qe6 42.Kh2  1-0

[Event "13th Summer Open"]
[Site "Recklinghausen GER"]
[Date "2002.08.24"]
[Round "8"]
[White "Kern,G"]
[Black "Mainka,R"]
[Result "0-1"]
[WhiteElo "2329"]
[BlackElo "2414"]

1.c4 e5 2.g3 Nf6 3.Bg2 Bc5 4.Nc3 Nc6 5.a3 a6 6.e3 d6 7.Nge2 Ba7 8.O-O O-O
9.h3 Rb8 10.b4 Re8 11.d4 h6 12.Qd3 Bd7 13.Kh2 Ne7 14.Bb2 Bf5 15.e4 Bh7 16.d5 Nd7
17.Rad1 Rf8 18.Bc1 Qe8 19.Be3 Bxe3 20.Qxe3 f5 21.exf5 Nxf5 22.Qd2 b5 23.Qa2 Nf6
24.c5 Kh8 25.c6 Qe7 26.Rde1 Qf7 27.Qd2 Rbe8 28.Nc1 g5 29.Nb3 Rg8 30.Qd1 h5
31.Nd2 Ref8 32.a4 bxa4 33.Qxa4 h4 34.g4 Ne7 35.Qa2 Ng6 36.f4 Nxf4 37.Be4 Bxe4
38.Ndxe4 N6xd5 39.Nxd5 Qxd5 40.Qxd5 Nxd5 41.Rxf8 Rxf8 42.Nxg5 Nxb4 43.Rb1 a5
44.Kg2 d5 45.Nf3 e4 46.Nxh4 Kg7 47.Kg3 Rd8 48.Kf4 Kf6 49.g5+ Ke6 50.g6 Kf6
51.Kg4 e3 52.Rf1+ Ke6 53.g7 Rg8 54.Nf5 Nc2 55.Kg5 e2 56.Rg1 e1=Q 57.Rxe1+ Nxe1
58.Kg6 Nf3 59.Kh7 Ra8  0-1

[Event "ch-Arab"]
[Site "Casablanca MAR"]
[Date "2002.08.27"]
[Round "2"]
[White "Al Sulaiti,A"]
[Black "Ahmed,Es"]
[Result "0-1"]
[WhiteElo "2171"]
[BlackElo "2424"]

1.c4 e5 2.g3 c6 3.d4 exd4 4.Qxd4 d5 5.cxd5 cxd5 6.Bg2 Nf6 7.Nf3 Be7 8.O-O O-O
9.Nc3 Qa5 10.Be3 Nc6 11.Qd2 Bb4 12.a3 Bxc3 13.Qxc3 Qxc3 14.bxc3 Ne4 15.Bd4 Re8
16.e3 b6 17.Rfd1 Ba6 18.Bf1 Bxf1 19.Kxf1 Na5 20.Ne5 Nb3 21.Ra2 Nxd4 22.cxd4 Nc3
23.Rdd2 Nxa2 24.Rxa2 Rac8 25.Nd3 Kf8 26.Ke2 Ke7 27.a4 Rc4 28.a5 b5 29.Rb2 Rb8
30.Nb4 Kd6 31.Na6 Rb7 32.Nc5 Re7 33.Rxb5 Rxd4 34.Nd3 Rc4 35.Kd2 d4 36.Rb8 dxe3+
37.fxe3 Rd7 38.Rb2 Ra4 39.Kc3 Ra3+ 40.Kc4 Rc7+ 41.Kd4 Ra4+ 42.Nb4 Rxa5 43.e4 Rb5  0-1

[Event "Open"]
[Site "Padron ESP"]
[Date "2002.08.29"]
[Round "8"]
[White "Wohl,A"]
[Black "Korneev,O"]
[Result "0-1"]
[WhiteElo "2419"]
[BlackElo "2583"]

1.c4 e5 2.g3 Nf6 3.Bg2 Nc6 4.Nc3 Bc5 5.a3 a6 6.e3 O-O 7.Nge2 d6 8.b4 Ba7
9.d3 Ne7 10.h3 Ng6 11.a4 c6 12.b5 d5 13.bxc6 bxc6 14.cxd5 cxd5 15.d4 e4 16.Ba3 Re8
17.Nc1 h5 18.Nb3 h4 19.g4 Nh7 20.Bc5 Bb8 21.a5 Ng5 22.Bb6 Qd6 23.Nc5 Ne7
24.Qb3 Nf3+ 25.Kd1 Ng5 26.Ra2 Kh8 27.N5a4 Ba7 28.Bxa7 Rxa7 29.Qb6 Nc6 30.Qc5 Qxc5
31.Nxc5 Rd8 32.Ke2 f5 33.f4 exf3+ 34.Bxf3 Re7 35.Nxd5 Nxd4+ 36.Kf2 Rf7 37.Bg2 fxg4+
38.Nf4 g3+ 39.Ke1 Nf5 40.Bd5 Rc7 41.Ng6+ Kh7  0-1

[Event "GP"]
[Site "Izmir TUR"]
[Date "2002.08.30"]
[Round "3"]
[White "Mastrovasilis,A"]
[Black "Haznedaroglu,K"]
[Result "1-0"]
[WhiteElo "2461"]
[BlackElo "2370"]

1.c4 e5 2.g3 g6 3.Bg2 Bg7 4.Nc3 d6 5.d3 f5 6.e4 Nf6 7.Nge2 O-O 8.O-O c6 9.exf5 Bxf5
10.d4 Nbd7 11.h3 Qc7 12.b3 Rae8 13.Be3 a6 14.g4 Be6 15.d5 Bf7 16.Ng3 c5 17.g5 Nh5
18.Nxh5 gxh5 19.Ne4 Bg6 20.Rc1 Rf7 21.Qe2 Kh8 22.Kh1 Bf8 23.Ng3 h4 24.Ne4 Be7
25.Qg4 Ref8 26.Rce1 Qd8 27.Qxh4 Rf5 28.Qg4 Rg8 29.h4 Qf8 30.Ng3 Nf6 31.gxf6 Rxf6
32.Qh3  1-0

[Event "FSIMB Sept"]
[Site "Budapest HUN"]
[Date "2002.09.09"]
[Round "3"]
[White "Metaxasz,V"]
[Black "Nemeth,Mi"]
[Result "1/2-1/2"]
[WhiteElo "2181"]
[BlackElo "2337"]

1.c4 e5 2.g3 Nf6 3.Bg2 d5 4.cxd5 Nxd5 5.Nf3 Nc6 6.O-O Nb6 7.d3 Be7 8.a3 O-O
9.Nbd2 Re8 10.b3 Bf8 11.Bb2 a5 12.Qc2 Nd4 13.Nxd4 exd4 14.Nf3 c5 15.b4 cxb4
16.axb4 Bxb4 17.Nxd4 a4 18.e3 a3 19.Qb3 Bc5 20.Bxa3 Bxd4 21.exd4 Be6 22.Qb2 Bd5
23.Bxd5 Nxd5 24.Qxb7 Rb8 25.Qc6 Re6 26.Qa4 Nc3 27.Qc4 Ne2+ 28.Kg2 Nxd4 29.Rfe1 Rc6
30.Be7 Qd7 31.Bc5 Ne6 32.d4 Rbc8 33.Ra5 h6  1/2-1/2